000 00643nam a2200229Ia 4500
003 OSt
005 20220926002510.0
006 a|||||r|||| 00| 0
007 ta
008 220923b |||||||| |||| 00| 0 eng d
037 _cGeneral Book
040 _aRTL
_cRTL
_beng
041 _2eng
_aeng
082 _az.2.P002-N97, N7
100 _aNabhi's
_9305966
245 0 _aapproach papers to the ninth five year plan 1997-2002
260 _a New Delhi
_bNabhi Publicaitons India
_c1997
300 _a176p.
_ccm.
650 _aGenerglia
942 _hz.2.P002-N97, N7
_cGB
_2CC
999 _c605242
_d605242